000
00234nam a22001097a 4500
082
_a
823
_b
PAI/T
100
_a
PAI, ANAND
245
_a
TWINKLE DIGEST
246
_a
TWINKLE DIGEST
_b
TWINKLE DIGEST
650
_a
ENGLISH STORY
942
_c
BK
999
_c
8809
_d
8809